Použitie frekvenčného kritéria pre posúdenie priebehu regulačného procesu = Application of the frequency criterium for reviewing course of controlled process : Bakalárska práca

Salvato in:
Dettagli Bibliografici
Autore principale: Petruš, Jozef (Autore)
Altri autori: Vrban, Anton, 1932- (xxx)
Natura: Manoscritto Libro
Lingua:slovacco
Pubblicazione: Trnava : STU v Bratislave MTF UIAM, 2007
Soggetti:
Tags: Aggiungi Tag
Nessun Tag, puoi essere il primo ad aggiungerne!!

MARC

LEADER 00000ntm a22000003a 4500
001 stu151006
005 20160719155716.6
008 071126s2007----xo------------------slo-d
040 |a STU  |b slo 
041 0 |a slo 
044 |a xo 
100 1 |a Petruš, Jozef  |4 aut 
245 1 |a Použitie frekvenčného kritéria pre posúdenie priebehu regulačného procesu = Application of the frequency criterium for reviewing course of controlled process :  |b Bakalárska práca 
260 |a Trnava :  |b STU v Bratislave MTF UIAM,  |c 2007 
300 |a 43 s  |c príl (1 CD-ROM) 
500 |a Program: Aplikovaná informatika a automatizácia v priemysle 
650 7 |a frekvenčné kritériá  |2 stusub 
700 1 |a Vrban, Anton,  |d 1932-  |4 xxx  |u M180  |U MTF Materiálovotechnologická fakulta  |T MTF Katedra aplikovanej informatiky a automatizácie  |X 321  |U M180  |Y 166  |7 A000000321 
996 |b 284M066860  |c M*BP-2977  |l MMSKP  |s P  |a 0  |w stu151006_0001